000 01892nam a2200553 i 4500
001 46835
003 KOSZ 005
005 20220330134405.0
006 innnn j n
008 030721s2003 pl a d f |000 0 pol
015 _aUWD 2003/12682
020 _a8302082856
020 _a8302082872
035 _a991021142919705066
035 _a(PL-WaBN)b15722478-48omnis_nlop
035 _ab15722478
035 _a(OCoLC)749410802
035 _azz2003923657
035 _a(PL)b0000001572247
035 _a(EXLNZ-48OMNIS_NETWORK)9910422958305606
040 _aWA N
_cWA N
_dKOSZ 005/HR
041 0 _aeng
_apol
046 _k2002
080 _a811.111
080 _a(075.3.053.7)
100 1 _aPawłowska, Barbara Elżbieta
_eAutor
245 1 0 _aInteraction :
_bbeginner : podręcznik z ćwiczeniami /
_cBarbara Pawłowska, Maria Witak.
250 _aWyd. 2.
260 _aWarszawa :
_bWydawnictwa Szkolne i Pedagogiczne,
_c[2003].
300 _a167, [1] s. :
_bil. kolor., mapa kolor. ;
_c30 cm +
_e1 płyta (CD) : digital, stereo. ; 12 cm.
336 _aTekst
_btxt
_2rdacontent
337 _aBez urządzenia pośredniczącego
_bn
_2rdamedia
338 _aWolumin
_bnc
_2rdacarrier
380 _aKsiążki
388 _a2001-
490 1 _aWSiP Europa
500 _aData wyd. wg www.wsip.com.pl.
521 8 _aLiceum ogólnokształcące, liceum profilowane, technikum.
650 7 _aJęzyk angielski
_2DBN
655 7 _aPodręczniki dla szkół ponadgimnazjalnych
_2DBN
658 _aJęzykoznawstwo
700 1 _aWitak, Maria
_eAutor
710 2 _aWydawnictwa Szkolne i Pedagogiczne
_4pbl
830 0 _aWSiP Europa
856 _uhttp://koha.tu.koszalin.pl/cgi-bin/koha/opac-detail.pl?biblionumber=46835
_yKatalog online BPK
942 _2UKD
_cKS
999 _c46835
_d46835